[Event "FRA-chTA U20 1011"]
[Site "France"]
[Date "2010.12.19"]
[Round "6.3"]
[White "Agussol, Lucas"]
[Black "Pruvot, Louis"]
[Result "0-1"]
[WhiteElo "1586"]
[BlackElo "1898"]
[PlyCount "78"]
[EventDate "2010.11.21"]
[EventType "team-tourn"]
[EventRounds "7"]
[EventCountry "FRA"]
[SourceTitle "EXT 2012"]
[Source "ChessBase"]
[SourceDate "2011.11.24"]
[SourceVersion "1"]
[SourceVersionDate "2011.11.24"]
[SourceQuality "1"]
[WhiteTeam "Montpellier"]
[BlackTeam "Creteil"]
[WhiteTeamCountry "FRA"]
[BlackTeamCountry "FRA"]

1. Nf3 d5 2. d4 Nf6 3. Bg5 c5 4. c3 Nc6 5. e3 Qb6 6. Qb3 c4 7. Qxb6 axb6 8. Bf4 b5 9. Ne5 Nxe5 10. Bxe5 Bf5 11. Na3 b4 12. Nb5 bxc3 13. Nxc3 e6 14. a3 Be7 15. Nb1 Bb4+ 16. Nc3 Ne4 17. Rc1 Bxc3+ 18. bxc3 f6 19. f3 fxe5 20. fxe4 Bxe4 21. Be2 exd4 22. exd4 Rxa3 23. 0-0 Rf8 24. Bf3 Bxf3 25. gxf3 Kd7 26. Rf2 Rfa8 27. Rcc2 Rb3 28. f4 Raa3 29. Rf3 b5 30. f5 exf5 31. Rxf5 Kd6 32. Rf7 Rxc3 33. Rcf2 Rd3 34. Rxg7 Rxd4 35. Rf6+ Ke5 36. Rxh7 c3 37. Rf1 Rb4 38. Rb7 c2 39. Rc7 Rc4 0-1

[Event "FRA-chTA U20 1011"]
[Site "France"]
[Date "2010.12.19"]
[Round "5.3"]
[White "Pruvot, Louis"]
[Black "Baudry, Remi"]
[Result "1-0"]
[WhiteElo "1898"]
[BlackElo "1619"]
[PlyCount "120"]
[EventDate "2010.11.21"]
[EventType "team-tourn"]
[EventRounds "7"]
[EventCountry "FRA"]
[SourceTitle "EXT 2012"]
[Source "ChessBase"]
[SourceDate "2011.11.24"]
[SourceVersion "1"]
[SourceVersionDate "2011.11.24"]
[SourceQuality "1"]
[WhiteTeam "Creteil"]
[BlackTeam "Hyeres"]
[WhiteTeamCountry "FRA"]
[BlackTeamCountry "FRA"]

1. d4 Nf6 2. Nf3 g6 3. c4 Bg7 4. Nc3 0-0 5. e4 d6 6. h3 e5 7. d5 Nfd7 8. g4 a5 9. Rg1 Nc5 10. Be3 Nba6 11. Rb1 Bd7 12. h4 f6 13. h5 g5 14. Nd2 a4 15. b4 axb3 16. Nxb3 b6 17. f3 Nb4 18. Rg2 Qe7 19. Rgb2 Rfb8 20. Qd2 Nba6 21. Nb5 Na4 22. Rc2 Bxb5 23. cxb5 N6c5 24. Bc4 Kh8 25. Nc1 Nb7 26. Ne2 Nac5 27. Ng3 Ra3 28. Qe2 Na5 29. Bc1 Nxc4 30. Rxc4 Nd3+ 31. Kf1 Nxc1 32. Rbxc1 Rb7 33. Qc2 Raa7 34. Nf5 Qd7 35. a4 Kg8 36. Qc3 Kf7 37. Ne3 Bf8 38. Nc2 Be7 39. Qb3 Rb8 40. Nb4 Rc8 41. Nc6 Raa8 42. Qc3 Bd8 43. Ke2 Kf8 44. Kd2 Ke8 45. Kc2 Qf7 46. Qd3 h6 47. Kb3 Qd7 48. Kb4 Qf7 49. R4c2 Qd7 50. Qc4 Qf7 51. Ra2 Qd7 52. a5 bxa5+ 53. Rxa5 Rxa5 54. Nxa5 Rb8 55. Qc6 Rb6 56. Qxd7+ Kxd7 57. Nc6 Rb7 58. Ra1 Rb6 59. Ra8 Rxc6 60. bxc6+ Ke7 1-0

[Event "FRA-chTA U20 1011"]
[Site "France"]
[Date "2010.12.19"]
[Round "7.3"]
[White "Pruvot, Louis"]
[Black "Lamard, Guillaume"]
[Result "1/2-1/2"]
[WhiteElo "1898"]
[BlackElo "2152"]
[PlyCount "83"]
[EventDate "2010.11.21"]
[EventType "team-tourn"]
[EventRounds "7"]
[EventCountry "FRA"]
[SourceTitle "EXT 2012"]
[Source "ChessBase"]
[SourceDate "2011.11.24"]
[SourceVersion "1"]
[SourceVersionDate "2011.11.24"]
[SourceQuality "1"]
[WhiteTeam "Creteil"]
[BlackTeam "Cannes"]
[WhiteTeamCountry "FRA"]
[BlackTeamCountry "FRA"]

1. d4 Nf6 2. Nf3 e6 3. c4 Bb4+ 4. Bd2 c5 5. Bxb4 cxb4 6. g3 0-0 7. Bg2 d6 8. 0-0 Re8 9. a3 Nc6 10. axb4 Nxb4 11. Nc3 Bd7 12. Qb3 a5 13. Rfd1 Rc8 14. Nd2 b6 15. Na2 Nc6 16. e3 Qc7 17. Qa3 e5 18. d5 Ne7 19. b4 Ra8 20. Nc3 Rec8 21. Nce4 Nxe4 22. Bxe4 f5 23. Bd3 Ng6 24. Nb3 a4 25. Nd2 e4 26. Be2 Ne5 27. b5 Be8 28. Qb4 Qc5 29. Qxc5 bxc5 30. Ra3 Nd7 31. Nb1 Nb6 32. Nc3 Ra7 33. Rda1 Rca8 34. Nd1 g5 35. Nb2 Kg7 36. Bd1 Kf6 37. Bxa4 Bh5 38. R3a2 Be2 39. Bb3 Rxa2 40. Rxa2 Rxa2 41. Bxa2 Ke5 42. Kg2 1/2-1/2

[Event "FRA-chTA U20 1011"]
[Site "France"]
[Date "2010.11.21"]
[Round "3.3"]
[White "Stark, Gabriel"]
[Black "Pruvot, Louis"]
[Result "1-0"]
[WhiteElo "1778"]
[BlackElo "1898"]
[PlyCount "89"]
[EventDate "2010.11.21"]
[EventType "team-tourn"]
[EventRounds "7"]
[EventCountry "FRA"]
[SourceTitle "EXT 2012"]
[Source "ChessBase"]
[SourceDate "2011.11.24"]
[SourceVersion "1"]
[SourceVersionDate "2011.11.24"]
[SourceQuality "1"]
[WhiteTeam "AECE"]
[BlackTeam "Creteil"]
[WhiteTeamCountry "FRA"]
[BlackTeamCountry "FRA"]

1. d4 d5 2. c4 e6 3. Nc3 c6 4. a4 Bd6 5. Nf3 f5 6. e3 Nf6 7. Be2 0-0 8. 0-0 Ne4 9. Nd2 Nd7 10. f3 Qh4 11. f4 Ndf6 12. Nf3 Qh6 13. Ne5 Nxc3 14. bxc3 Ne4 15. Bb2 g5 16. cxd5 exd5 17. c4 Be6 18. cxd5 Bxd5 19. Bf3 gxf4 20. Bxe4 fxe4 21. Qg4+ Qg7 22. Qxg7+ Kxg7 23. Rxf4 Rxf4 24. exf4 Kf6 25. g3 Kf5 26. Kf2 h5 27. Ke3 a5 28. Ba3 b5 29. Bxd6 b4 30. h3 Rg8 31. g4+ hxg4 32. hxg4+ Ke6 33. Bc7 Rh8 34. f5+ Kf6 35. Kf4 Rh2 36. g5+ Ke7 37. f6+ Ke6 38. f7 b3 39. Kg3 Rh8 40. Ng6 b2 41. Rb1 Rc8 42. f8Q Rxf8 43. Nxf8+ Kf7 44. Rxb2 Kxf8 45. Rf2+ 1-0

[Event "FRA-ch U14"]
[Site "Troyes"]
[Date "2010.04.18"]
[Round "9"]
[White "Pruvot, Louis"]
[Black "Grundman, Anatole"]
[Result "1-0"]
[WhiteElo "1881"]
[BlackElo "1742"]
[PlyCount "109"]
[EventDate "2010.04.11"]
[EventType "swiss"]
[EventRounds "9"]
[EventCountry "FRA"]
[SourceTitle "EXT 2012"]
[Source "ChessBase"]
[SourceDate "2011.11.24"]
[SourceVersion "1"]
[SourceVersionDate "2011.11.24"]
[SourceQuality "1"]

1. d4 Nf6 2. Nf3 g6 3. c4 Bg7 4. Nc3 0-0 5. e4 d6 6. h3 Nbd7 7. Bg5 c6 8. Rg1 Qc7 9. g4 e5 10. d5 Nc5 11. Nd2 a5 12. Qf3 Ne8 13. Qg3 f6 14. Be3 a4 15. h4 Qa5 16. Rb1 Qb4 17. a3 Qa5 18. h5 g5 19. Be2 h6 20. f3 Rf7 21. Qf2 Bf8 22. Kf1 Bd7 23. Kg2 Kg7 24. Na2 cxd5 25. cxd5 b5 26. Nb4 Rc8 27. Rgc1 Nc7 28. Nf1 N7a6 29. Nxa6 Qxa6 30. Ng3 Nb3 31. Rxc8 Bxc8 32. Bd1 Rc7 33. Bxb3 axb3 34. Rc1 Rc4 35. Rxc4 bxc4 36. Qd2 Be7 37. Qb4 Bd8 38. Bd2 Bc7 39. Bc3 Bd7 40. Nf1 Qb6 41. Ne3 Qxb4 42. Bxb4 Bb5 43. Nf5+ Kh7 44. Bc3 Bb8 45. Kf1 Bd7 46. Ne3 Bb5 47. Nf5 Bd7 48. Ke2 Bxf5 49. gxf5 Ba7 50. Kd2 Bd4 51. Bxd4 exd4 52. a4 c3+ 53. bxc3 b2 54. Kc2 dxc3 55. a5 1-0